Crowdfunding - nový spôsob ako financovať inovačné projekty

Špecifickou alternatívnou formou financovania inovačných projektov prostredníctvom internetu je relatívne nový spôsob známy pod anglickým názvom crowdfunding (voľne preložené ako „kolektívne financovanie“). Crowdfunding je mechanizmus kolektívneho financovania inovačných projektov, kde peniaze prich...

Description complète

Enregistré dans:
Détails bibliographiques
Auteur principal: Bondareva, Irina
Autres auteurs: Tomčík, Róbert
Format: Chapitre de livre
Langue:slovaque
Sujets:
Tags: Ajouter un tag
Pas de tags, Soyez le premier à ajouter un tag!

MARC

LEADER 00000nla a2200000 4500
001 0199481
005 20240417075055.7
041 0 |a slo 
044 |a SK 
245 1 0 |a Crowdfunding - nový spôsob ako financovať inovačné projekty  |c Irina Bondareva, Róbert Tomčík 
520 |a Špecifickou alternatívnou formou financovania inovačných projektov prostredníctvom internetu je relatívne nový spôsob známy pod anglickým názvom crowdfunding (voľne preložené ako „kolektívne financovanie“). Crowdfunding je mechanizmus kolektívneho financovania inovačných projektov, kde peniaze prichádzajú od veľkého počtu on-line investorov, sponzorov a darcov na financovanie ziskových alebo neziskových projektov. Teda je to kolektívna spolupráca ľudí, ktorí dobrovoľne spájajú finančné zdroje, aby spolu finančne podporili úsilie iných ľudí alebo organizácií. 
610 2 0 |a stratégia inovačná 
610 2 0 |a zdroje finančné 
610 2 0 |a projekty 
610 2 0 |a internet 
610 2 0 |a technológie informačné 
100 1 |a Bondareva, Irina 
700 1 |a Tomčík, Róbert